00517nam a2200109Ia 4500008004100000245015500041260000900196300009100205650002000296999001900316952007200335180130s9999 xx 000 0 und d cChapman, L. Kevin; DeLapp, Ryan C.T.; Williams, Monnica T.aImpact of race, ethnicity, and culture on the expression and assessment of psychopathology c2014 aBook title: Adult psychopathology and diagnosis--Acession number C20776; pages 131-162 aPSYCHOPATHOLOGY c353909d353909 001040aCLbCLd2018-01-30l0r2018-01-30 00:00:00w2018-01-30yBC